江西省城市 - Statistics

General Stats
  • This quiz has been taken 28 times
  • The average score is 10 of 11
Answers on the Grid
Answers color-coded by a green-red scale on the quiz's grid according to % correct below.
南昌
景德镇
萍乡
九江
新余
鹰潭
赣州
吉安
宜春
抚州
上饶
邵阳
温州
淮南
亳州
宁德
白城
钦州
海西
泰州
台州
邢台
 
Answer Stats
Answer % Correct
萍乡
100%
赣州
100%
南昌
94%
景德镇
94%
九江
94%
吉安
94%
抚州
94%
上饶
94%
新余
89%
鹰潭
89%
宜春
89%
No matching quizzes found
Score Distribution
Percent of People with Each Score
Percentile by Number Answered
Your Score History
You have not taken this quiz